000 00332 a2200145 4500
020 _a972-8801-22-x
040 _aISPLB
082 _a72
_b72
100 _91184
_aBAEZA,Alberto ,Campo
245 _aa Ideia Construida
260 _aCasal cambra,
_bcaleidoscopio
_c2000.
300 _a119p
650 _aARQUITETURA
942 _cLivros
999 _c2356
_d2356